New Frontiers in Bayesian Statistics : BAYSM 2021, Online, Septemner 1-3 /
Colección de trabajos de investigación presentados durante las conferencias de la Bayesian Young Statisticians Meeting (BaYSM). En estos textos se estudian diversas aplicaciones de la estadística bayesiana en múltiples disciplinas. Algunos ejemplos de ello son el análisis de big data, análisis de ca...
Uloženo v:
| Hlavní autor: | |
|---|---|
| Médium: | Kniha |
| Jazyk: | angličtina |
| Vydáno: |
Cham, Suiza :
Springer,
2022, c2022
|
| Edice: | (Springer Proceedings in Mathematics and Statistics ;
405) |
| Témata: | |
| On-line přístup: | Ver documento en línea |
| Tagy: |
Žádné tagy, Buďte první, kdo vytvoří štítek k tomuto záznamu!
|
MARC
| LEADER | 00000nam^a2200000^a^4500 | ||
|---|---|---|---|
| 001 | 000613942 | ||
| 005 | 20251023000000.0 | ||
| 009 | 20260310133632.513 | ||
| 020 | |a 978-3-031-16427-9 | ||
| 037 | |a Acervo ITESO - Biblioteca | ||
| 041 | |a ING | ||
| 082 | |a 519. 542 |b ARG | ||
| 100 | |a Argiento, Raffaele |e (edición) | ||
| 245 | 1 | 0 | |a New Frontiers in Bayesian Statistics : |b BAYSM 2021, Online, Septemner 1-3 / |c Ed. de R. Argiento, F. Camerlenghi, S. Paganin. |
| 264 | 4 | |a Cham, Suiza : |b Springer, |c 2022, c2022 | |
| 264 | 2 | |a Cham, Suiza : |b Springer Link [distribución], |c 2025 | |
| 300 | |a 1 libro electrónico en línea (XI, 117 p.) | ||
| 300 | |a 1 recurso en línea | ||
| 336 | |a datos para computadora |b cod |2 rdacontenido | ||
| 337 | |a computadora |b c |2 rdamedio | ||
| 338 | |a recurso en línea |b cr |2 rdasoporte | ||
| 440 | 1 | |a (Springer Proceedings in Mathematics and Statistics ; |v 405) | |
| 506 | 0 | |a Licencias ilimitadas | |
| 520 | |a Colección de trabajos de investigación presentados durante las conferencias de la Bayesian Young Statisticians Meeting (BaYSM). En estos textos se estudian diversas aplicaciones de la estadística bayesiana en múltiples disciplinas. Algunos ejemplos de ello son el análisis de big data, análisis de caminos migratorios, aplicaciones de naturaleza médica, entre otros. | ||
| 521 | |a 2025 BO Licenciatura en Ingeniería y Ciencia de Datos | ||
| 649 | |a XX | ||
| 650 | |a Inferencia Bayesiana | ||
| 650 | |a Inferencia Estadística | ||
| 650 | |a Estadística Bayesiana - |x Tema Principal | ||
| 650 | |a Estadística No Paramétrica | ||
| 650 | |a Procesos de Markov | ||
| 650 | |a Procesos Estocásticos | ||
| 650 | |a Estadística | ||
| 650 | |a Matemáticas | ||
| 856 | 4 | 0 | |u https://link-springer-com.ezproxy.iteso.mx/10.1007/978-3-031-16427-9 |y Ver documento en línea |
| 910 | |a Fondo General | ||
| 920 | |a Electrónicos - Libros en Línea | ||
| 930 | |a Plataforma Digital | ||
| 905 | |a 205 | ||
| 901 | |a 613942-1 |b IT2 |c EBO |i C |u 20250521 | ||
| 902 | |a https://opac.biblio.iteso.mx/vufind/Record/000613942 | ||